000 00771nam a2200289Ia 4500
005 20260324140803.0
008 008 260324s9999 xx 000 0 eng d
020 _a9781315699196
037 _aEBOOK
040 _aCRL
040 _beng
040 _cCRL
041 _2eng
041 _aeng
084 _qCRL
100 _aSally Coleman Selden
_91205738
245 4 _aThe Promise of Representative Bureaucracy: Diversity and Responsiveness in a Government Agency
245 0 _bDiversity and Responsiveness in a Government Agency
260 _bTaylor and Francis
260 _c1998
365 _a
365 _b230
856 _uhttp://www.taylorfrancis.com/books/9781315699196
942 _cEBOOK
999 _c1808139
_d1808139